000 00555nam a2200193Ia 4500
005 20250326141644.0
008 250326s9999 xx 000 0 und d
020 _a0-09-175759-2
037 _aTextbook
040 _aFMSL
_beng
_cFMSL
041 _aeng
_2eng
084 _aX62.1 M7
_qFMSL
100 _aFrieden J A
_9744838
245 0 _aBanking on the world :politics of International fice
_cFrieden J A
260 _aLondon
_bLondon, Hutchinson Radius :
_c1987
300 _a264p
942 _cTB
_hX62.1 M7
999 _c1291339
_d1291339